Central Library || Chittagong University

History, lioterature, and mythology of the Hindoos (Record no. 33856)

MARC details
000 -LEADER
fixed length control field 00598nam a2200217 454500
001 - CONTROL NUMBER
control field 033856
003 - CONTROL NUMBER IDENTIFIER
control field BD-ChCU
008 - FIXED-LENGTH DATA ELEMENTS--GENERAL INFORMATION
fixed length control field Eng
020 ## - INTERNATIONAL STANDARD BOOK NUMBER
International Standard Book Number x
040 ## - CATALOGING SOURCE
Original cataloging agency DLC
Transcribing agency DLC
Modifying agency BD-ChCU
082 00 - DEWEY DECIMAL CLASSIFICATION NUMBER
Classification number 181.4/H673
100 1# - MAIN ENTRY--PERSONAL NAME
Personal name Ward, William.
Numeration x
245 10 - TITLE STATEMENT
Title History, lioterature, and mythology of the Hindoos
Remainder of title Including a minute description of their manners a-nd cistos, and translations from their principal works
250 ## - EDITION STATEMENT
Edition statement 3
260 ## - PUBLICATION, DISTRIBUTION, ETC.
Place of publication, distribution, etc. Delhi
Name of publisher, distributor, etc. BR. Pub.
Date of publication, distribution, etc. 1985
300 ## - PHYSICAL DESCRIPTION
Extent x
504 ## - BIBLIOGRAPHY, ETC. NOTE
Bibliography, etc. note x
650 #0 - SUBJECT ADDED ENTRY--TOPICAL TERM
Topical term or geographic name entry element Phiisophy, Hindoos
Topical term following geographic name entry element Phiisophy, Hindoos
700 1# - ADDED ENTRY--PERSONAL NAME
Personal name x
942 ## - ADDED ENTRY ELEMENTS (KOHA)
Source of classification or shelving scheme Dewey Decimal Classification
Koha item type Books
Holdings
Withdrawn status Lost status Source of classification or shelving scheme Damaged status Not for loan Home library Current library Shelving location Date acquired Source of acquisition Total Checkouts Full call number Barcode Date last seen Copy number Price effective from Koha item type Public note
    Dewey Decimal Classification     Chittagong University Library Chittagong University Library General Stacks 06/14/2015 Purchase   181.4/H673 152232 09/13/2015 1 09/13/2015 Books x
    Dewey Decimal Classification     Chittagong University Library Chittagong University Library General Stacks 06/14/2015 Purchase   181.4/H673 152233 09/13/2015 2 09/13/2015 Books x
    Dewey Decimal Classification     Chittagong University Library Chittagong University Library General Stacks 06/14/2015 Purchase   181.4/H673 152234 09/13/2015 3 09/13/2015 Books x
    Dewey Decimal Classification     Chittagong University Library Chittagong University Library General Stacks 06/14/2015 Purchase   181.4/H673 152235 09/13/2015 4 09/13/2015 Books x
© Copyright 2026. Chittagong University Library, Installation and Maintenance by Prof. Dr. Md. Alamgir, 01711306253